5HLuxD.jpg

KING HENRY VIII SENIOR AND PRIMARY SCHOOL LIBRARY OPAC

ZIPS AND TEETH (Record no. 4467)

000 -LEADER
fixed length control field 00316nam a22001217a 4500
008 - FIXED-LENGTH DATA ELEMENTS--GENERAL INFORMATION
fixed length control field 250225b ||||| |||| 00| 0 eng d
020 ## - INTERNATIONAL STANDARD BOOK NUMBER
International Standard Book Number 9780753440636
082 ## - DEWEY DECIMAL CLASSIFICATION NUMBER
Classification number 608 TAY
100 ## - MAIN ENTRY--PERSONAL NAME
Personal name TAYLOR,BARBARA
Relator term AUTHOR
245 ## - TITLE STATEMENT
Title ZIPS AND TEETH
260 ## - PUBLICATION, DISTRIBUTION, ETC.
Place of publication, distribution, etc. 20 NEW WHARF ROAD,LONDON N1 9RR
Name of publisher, distributor, etc. KINGFISHER
Date of publication, distribution, etc. 1996
942 ## - ADDED ENTRY ELEMENTS (KOHA)
Source of classification or shelving scheme
Holdings
Withdrawn status Lost status Source of classification or shelving scheme Damaged status Not for loan Collection code Permanent Location Current Location Shelving location Date acquired Full call number Barcode Date last seen Price effective from Koha item type Public note
          Non-Fiction KH8 Primary School Library KH8 Primary School Library Non Fiction 2025-02-25 608 TAY KHPL000006220 2025-12-05 2025-02-25 Books - Non Ficton KH8 PRIMARY LIBRARY
          Non-Fiction KH8 Primary School Library KH8 Primary School Library Non Fiction 2025-02-25 608 TAY KHPL000006956 2025-12-05 2025-02-25 Books - Non Ficton KH8 PRIMARY LIBRARY

Powered By KH8 IT Dept